000 01041nam a2200253Ia 4500
003 OSt
005 20220923212621.0
006 a|||||r|||| 00| 0
007 ta
008 220922b |||||||| |||| 00| 0 hin d
024 _a154,579
037 _cTextual
040 _aARTS
_cARTS
_bhin
041 _2hin
_ahin
082 _aO1520m35,3:g, N3
100 _aप्रसन्ना, बी0 दुर्गा लक्ष्मी
_9162648
245 0 _aहिन्दी और तेलुगु उपन्यासो में अस्तित्ववाद (195 -197 )
246 _aHindī aur telugu upanyāso mean astitvavād (1950-1970)
260 _aहैदराबाद
_b दक्षिणचलीय साहित्य समिति
_c1993
300 _a200 पृ.
_ccm.
650 _aहिन्दी साहित्य
_9156264
942 _hO1520m35,3:g, N3
_cTEXL
_2CC
999 _c310201
_d310201